[Event "CYCC U08"]
[Site "Sault Ste. Marie CAN"]
[Date "2017.07.07"]
[Round "4"]
[White "Taylor, Aiden"]
[Black "Wang, Arthur D"]
[Result "1-0"]
[WhiteElo "718"]
[BlackElo "634"]
[WhiteFideId "-1"]
[WhiteFideId "-1"]
[PlyCount "119"]
[GameId "2160767908344426"]
[EventDate "2017.07.06"]
[EventType "swiss"]
[EventRounds "7"]
[EventCountry "CAN"]
[SourceTitle "EXT 2022"]
[Source "ChessBase"]
[SourceDate "2021.10.06"]
[SourceVersion "1"]
[SourceVersionDate "2021.10.06"]
[SourceQuality "1"]

1. e4 c5 2. Nf3 d6 3. Nc3 Nc6 4. Bc4 Nf6 5. d3 e6 6. Be3 Be7 7. Qd2 O-O 8. a3 Bd7 9. O-O Re8 10. Rfe1 h6 11. Bb3 Qc7 12. Nb5 Qb6 13. Nc3 Na5 14. Ba2 Nc6 15. Bc4 Qc7 16. d4 cxd4 17. Bxd4 Nxd4 18. Qxd4 e5 19. Qd3 Bg4 20. Bb3 Rac8 21. h3 Be6 22. Nb5 Qb6 23. Red1 Bxb3 24. cxb3 a6 25. Nxd6 Bxd6 26. Qxd6 Qxd6 27. Rxd6 Nxe4 28. Rdd1 Nf6 29. Re1 Nd7 30. Rad1 Rcd8 31. Rd2 Re7 32. Nxe5 Kh7 33. Kf1 f6 34. Nc4 Rxe1+ 35. Kxe1 Kg8 36. Nb6 Kf7 37. Rxd7+ Rxd7 38. Nxd7 Ke7 39. Nc5 b6 40. Na4 b5 41. Nc3 Kd6 42. Kd2 Kc5 43. Kd3 a5 44. Na2 a4 45. bxa4 bxa4 46. Nc3 g6 47. Nxa4+ Kb5 48. Nc3+ Kc5 49. b4+ Kb6 50. a4 Ka6 51. b5+ Kb6 52. Kd4 f5 53. Nd5+ Kb7 54. a5 Ka7 55. Kc5 Kb7 56. a6+ Ka7 57. b6+ Kb8 58. a7+ Ka8 59. Nc7+ Kb7 60. a8=Q# 1-0

[Event "CYCC U08"]
[Site "Sault Ste. Marie CAN"]
[Date "2017.07.07"]
[Round "4"]
[White "Xu, Alex"]
[Black "Liu, Eric"]
[Result "0-1"]
[WhiteElo "881"]
[BlackElo "1152"]
[WhiteFideId "-1"]
[WhiteFideId "-1"]
[PlyCount "70"]
[GameId "2160767908344427"]
[EventDate "2017.07.06"]
[EventType "swiss"]
[EventRounds "7"]
[EventCountry "CAN"]
[SourceTitle "EXT 2022"]
[Source "ChessBase"]
[SourceDate "2021.10.06"]
[SourceVersion "1"]
[SourceVersionDate "2021.10.06"]
[SourceQuality "1"]

1. e4 e5 2. Nf3 Nc6 3. Bc4 Bc5 4. c3 Nf6 5. d4 exd4 6. cxd4 Bb4+ 7. Bd2 Nxe4 8. Bxb4 Nxb4 9. Bxf7+ Kxf7 10. Qb3+ d5 11. Qxb4 Re8 12. O-O Kg8 13. Nc3 c6 14. Ne5 Qg5 15. Nxe4 dxe4 16. f4 Qe7 17. Qxe7 Rxe7 18. Rae1 Be6 19. a3 Bd5 20. g3 b6 21. Rc1 Rc8 22. b4 Rd8 23. Rxc6 Rxe5 24. Rc7 Ree8 25. Rxa7 Ra8 26. Rd7 Red8 27. Re7 Rxa3 28. Rc1 Kf8 29. Rcc7 Re8 30. Rxg7 e3 31. Kf1 e2+ 32. Ke1 Ra1+ 33. Kd2 e1=Q+ 34. Kd3 Rd1+ 35. Kc2 Qd2# 0-1

[Event "CYCC U08"]
[Site "Sault Ste. Marie CAN"]
[Date "2017.07.07"]
[Round "4"]
[White "Yang, Jingyun (Ryan)"]
[Black "Ran, Sean"]
[Result "1-0"]
[WhiteElo "1267"]
[BlackElo "906"]
[WhiteFideId "-1"]
[WhiteFideId "-1"]
[PlyCount "31"]
[GameId "2160767908344429"]
[EventDate "2017.07.06"]
[EventType "swiss"]
[EventRounds "7"]
[EventCountry "CAN"]
[SourceTitle "EXT 2022"]
[Source "ChessBase"]
[SourceDate "2021.10.06"]
[SourceVersion "1"]
[SourceVersionDate "2021.10.06"]
[SourceQuality "1"]

1. e4 e5 2. Nf3 Nc6 3. Bc4 Bc5 4. O-O h6 5. c3 Nf6 6. d4 exd4 7. cxd4 Bb6 8. d5 Na5 9. Bd3 c6 10. b4 cxd5 11. bxa5 Bxa5 12. e5 Nh7 13. Bb2 f6 14. Bg6+ Kf8 15. Ba3+ Kg8 16. Qxd5# 1-0

[Event "CYCC U08"]
[Site "Sault Ste. Marie CAN"]
[Date "2017.07.08"]
[Round "5"]
[White "Chandra, Anand"]
[Black "Huard, Matheo"]
[Result "1-0"]
[WhiteElo "1711"]
[BlackElo "1292"]
[WhiteFideId "-1"]
[WhiteFideId "-1"]
[PlyCount "49"]
[GameId "2160767908344430"]
[EventDate "2017.07.06"]
[EventType "swiss"]
[EventRounds "7"]
[EventCountry "CAN"]
[SourceTitle "EXT 2022"]
[Source "ChessBase"]
[SourceDate "2021.10.06"]
[SourceVersion "1"]
[SourceVersionDate "2021.10.06"]
[SourceQuality "1"]

1. e4 c5 2. Nf3 Nc6 3. d4 Nf6 4. e5 Nd5 5. c3 d6 6. exd6 Qxd6 7. c4 Nb6 8. d5 Na5 9. Nc3 Naxc4 10. Bxc4 Nxc4 11. Qa4+ Bd7 12. Qxc4 g6 13. Bf4 Qf6 14. Be5 Qb6 15. Bxh8 Qxb2 16. O-O b5 17. Qb3 Qxb3 18. axb3 b4 19. Ne4 Rc8 20. Rxa7 Bg4 21. Ne5 Bf5 22. Ng3 f6 23. Nxf5 fxe5 24. Ne3 Bh6 25. Nc4 1-0

[Event "CYCC U08"]
[Site "Sault Ste. Marie CAN"]
[Date "2017.07.08"]
[Round "5"]
[White "De Leon, Rut Jurry"]
[Black "Deng, Henry"]
[Result "1-0"]
[WhiteElo "736"]
[BlackElo "1014"]
[WhiteFideId "-1"]
[WhiteFideId "-1"]
[PlyCount "55"]
[GameId "2160767908344431"]
[EventDate "2017.07.06"]
[EventType "swiss"]
[EventRounds "7"]
[EventCountry "CAN"]

1. d4 d5 2. c4 c6 3. Nc3 Nf6 4. Bg5 Bf5 5. Nf3 h6 6. Bh4 g5 7. Bg3 e6 8. e3 Na6 9. Be2 Nb4 10. O-O Be7 11. a3 Nc2 12. Rc1 O-O 13. Rxc2 Bxc2 14. Qxc2 Ng4 15. h3 h5 16. hxg4 hxg4 17. Nh2 Bd6 18. f4 gxf4 19. exf4 Kg7 20. Bxg4 Rh8 21. Qd3 Qg8 22. f5 exf5 23. Bxd6 Rd8 24. Be5+ f6 25. Bxf6+ Kxf6 26. Qxf5+ Ke7 27. Qe5+ Qe6 28. Qxe6# 1-0

[Event "CYCC U08"]
[Site "Sault Ste. Marie CAN"]
[Date "2017.07.08"]
[Round "5"]
[White "Georgescu-Nicolau, Luca"]
[Black "Mane, Arnav"]
[Result "1-0"]
[WhiteElo "877"]
[BlackElo "829"]
[WhiteFideId "-1"]
[WhiteFideId "-1"]
[PlyCount "73"]
[GameId "2160767908344432"]
[EventDate "2017.07.06"]
[EventType "swiss"]
[EventRounds "7"]
[EventCountry "CAN"]
[SourceTitle "EXT 2022"]
[Source "ChessBase"]
[SourceDate "2021.10.06"]
[SourceVersion "1"]
[SourceVersionDate "2021.10.06"]
[SourceQuality "1"]

1. d4 d5 2. c4 c6 3. Nc3 e6 4. Nf3 dxc4 5. e4 b5 6. Bg5 Be7 7. Bxe7 Nxe7 8. a4 b4 9. Na2 Ba6 10. Nxb4 Qa5 11. Qd2 O-O 12. Nxa6 Qxd2+ 13. Nxd2 Nxa6 14. Bxc4 Nb4 15. O-O Nc2 16. Rad1 Nxd4 17. Nb3 Nxb3 18. Bxb3 Rab8 19. Rd3 Rfd8 20. Rfd1 h6 21. Rxd8+ Rxd8 22. Rxd8+ Kh7 23. Rd7 Nc8 24. Bc2 Nb6 25. e5+ g6 26. Rxf7+ Kg8 27. Rf6 Nd5 28. Rxe6 Nb4 29. Bb3 Kf8 30. Rxg6 h5 31. e6 Ke7 32. Rg5 Na6 33. Rxh5 Nb8 34. Rg5 a6 35. Bc4 Ke8 36. Bxa6 Ke7 37. Bc4 1-0

[Event "CYCC U08"]
[Site "Sault Ste. Marie CAN"]
[Date "2017.07.08"]
[Round "5"]
[White "Jiang, William"]
[Black "Xu, Alex"]
[Result "0-1"]
[WhiteElo "659"]
[BlackElo "881"]
[WhiteFideId "-1"]
[WhiteFideId "-1"]
[PlyCount "70"]
[GameId "2160767908344435"]
[EventDate "2017.07.06"]
[EventType "swiss"]
[EventRounds "7"]
[EventCountry "CAN"]
[SourceTitle "EXT 2022"]
[Source "ChessBase"]
[SourceDate "2021.10.06"]
[SourceVersion "1"]
[SourceVersionDate "2021.10.06"]
[SourceQuality "1"]

1. e4 e5 2. Nf3 Nc6 3. Bb5 Nf6 4. O-O Bc5 5. c3 a6 6. Ba4 b5 7. Bb3 O-O 8. Re1 Bb7 9. d3 Re8 10. Be3 Bxe3 11. fxe3 h6 12. d4 exd4 13. cxd4 Nxe4 14. Rf1 d5 15. Nbd2 Nb4 16. Nxe4 dxe4 17. Nd2 Nd3 18. Bxf7+ Kh8 19. Bxe8 Qxe8 20. Nb3 Nxb2 21. Qc2 Nc4 22. Nd2 Nxe3 23. Qxc7 Nxf1 24. Rxf1 Qc6 25. Qf4 e3 26. Nf3 e2 27. Re1 Re8 28. Qf7 Qe4 29. Nh4 Qxd4+ 30. Kh1 Qe4 31. Ng6+ Kh7 32. Nh4 Qxh4 33. Rg1 e1=Q 34. Qf1 Qxh2+ 35. Kxh2 Qh4# 0-1

[Event "CYCC U08"]
[Site "Sault Ste. Marie CAN"]
[Date "2017.07.08"]
[Round "5"]
[White "Li, Gabriel"]
[Black "Taylor, Aiden"]
[Result "1-0"]
[WhiteElo "813"]
[BlackElo "718"]
[WhiteFideId "-1"]
[WhiteFideId "-1"]
[PlyCount "125"]
[GameId "2160767908344437"]
[EventDate "2017.07.06"]
[EventType "swiss"]
[EventRounds "7"]
[EventCountry "CAN"]
[SourceTitle "EXT 2022"]
[Source "ChessBase"]
[SourceDate "2021.10.06"]
[SourceVersion "1"]
[SourceVersionDate "2021.10.06"]
[SourceQuality "1"]

1. e4 e5 2. Nf3 Nc6 3. d4 d6 4. d5 Nce7 5. Be3 Nf6 6. Nc3 Ng6 7. Bb5+ Bd7 8. Bxd7+ Qxd7 9. O-O Be7 10. Qe2 O-O 11. Rad1 c6 12. h3 a6 13. Na4 Qe8 14. Nc3 c5 15. Rfe1 h6 16. a3 Qd7 17. b4 b6 18. Qd3 b5 19. Ra1 c4 20. Qe2 Qc7 21. Bd2 Rfd8 22. a4 Rab8 23. axb5 axb5 24. Ra5 Ra8 25. Nxb5 Qc8 26. Rxa8 Qxa8 27. Qxc4 Rc8 28. Qb3 Qb7 29. Nc3 Rb8 30. Rb1 Nd7 31. Ne2 Nh4 32. Nxh4 Bxh4 33. Ra1 Bg5 34. Be1 Nf6 35. Ng3 Bf4 36. Qd3 Bxg3 37. fxg3 Nh5 38. g4 Nf4 39. Qa3 Ne2+ 40. Kf2 Nf4 41. Qa7 Qc8 42. Ra2 Rb7 43. Qa8 Rb8 44. Qc6 Qd8 45. Ra7 Rc8 46. Qa4 Qf6 47. Ra8 Nxh3+ 48. Kg3 Qd8 49. Rxc8 Qxc8 50. Kxh3 h5 51. Kh2 Qxg4 52. Qe8+ Kh7 53. Qxf7 Qxe4 54. Qxh5+ Kg8 55. b5 g6 56. Qh3 Qxc2 57. Qe6+ Kh7 58. Qxd6 Qc8 59. b6 Qh8 60. b7 Kg8+ 61. Kg1 Qh5 62. b8=Q+ Kf7 63. Qbf8# 1-0

[Event "CYCC U08"]
[Site "Sault Ste. Marie CAN"]
[Date "2017.07.08"]
[Round "5"]
[White "Liu, Eric"]
[Black "Dupuis, Denis K"]
[Result "1-0"]
[WhiteElo "1152"]
[BlackElo "1354"]
[WhiteFideId "-1"]
[WhiteFideId "-1"]
[PlyCount "69"]
[GameId "2160767908344438"]
[EventDate "2017.07.06"]
[EventType "swiss"]
[EventRounds "7"]
[EventCountry "CAN"]
[SourceTitle "EXT 2022"]
[Source "ChessBase"]
[SourceDate "2021.10.06"]
[SourceVersion "1"]
[SourceVersionDate "2021.10.06"]
[SourceQuality "1"]

1. d4 d5 2. c4 e6 3. Nc3 Nf6 4. Nf3 c6 5. Bf4 Nbd7 6. e3 Qa5 7. a3 Ne4 8. Qc2 Ndf6 9. h3 c5 10. Bd3 Bd7 11. O-O Bc6 12. dxc5 Qxc5 13. b4 Qb6 14. c5 Bxc5 15. bxc5 Qxc5 16. Nxe4 Nxe4 17. Bxe4 Qxc2 18. Bxc2 Rc8 19. Bb3 f6 20. Rac1 Kd7 21. Rfd1 Rhd8 22. e4 Ke7 23. Rc2 dxe4 24. Rxd8 Rxd8 25. Nd2 Rd3 26. Ra2 e5 27. Be3 b6 28. Bc2 Rc3 29. Nxe4 Bxe4 30. Bxe4 g6 31. a4 f5 32. Rc2 Rxc2 33. Bxc2 Kd6 34. g3 Kd5 35. Bb3+ 1-0

[Event "CYCC U08"]
[Site "Sault Ste. Marie CAN"]
[Date "2017.07.08"]
[Round "5"]
[White "Song, Ethan"]
[Black "Ran, Sean"]
[Result "1-0"]
[WhiteElo "1315"]
[BlackElo "906"]
[WhiteFideId "-1"]
[WhiteFideId "-1"]
[PlyCount "47"]
[GameId "2160767908344440"]
[EventDate "2017.07.06"]
[EventType "swiss"]
[EventRounds "7"]
[EventCountry "CAN"]
[SourceTitle "EXT 2022"]
[Source "ChessBase"]
[SourceDate "2021.10.06"]
[SourceVersion "1"]
[SourceVersionDate "2021.10.06"]
[SourceQuality "1"]

1. c4 e5 2. Nc3 Nf6 3. g3 Nc6 4. Bg2 Bc5 5. e3 d6 6. a3 a6 7. Nge2 O-O 8. Rb1 Be6 9. d4 Ba7 10. d5 Bf5 11. e4 Bxe4 12. Nxe4 Nd4 13. Bg5 Re8 14. Nxf6+ gxf6 15. Bh6 Nf5 16. Bd2 c6 17. O-O cxd5 18. Bxd5 Qb6 19. Be4 Nd4 20. Nc3 Kf8 21. Nd5 Qd8 22. Bh6+ Kg8 23. Qg4+ Kh8 24. Qg7# 1-0

[Event "CYCC U08"]
[Site "Sault Ste. Marie CAN"]
[Date "2017.07.08"]
[Round "5"]
[White "Wang, Richard2"]
[Black "Ksenych, Drew"]
[Result "0-1"]
[WhiteElo "1008"]
[BlackElo "954"]
[WhiteFideId "-1"]
[WhiteFideId "-1"]
[PlyCount "102"]
[GameId "2160767908344443"]
[EventDate "2017.07.06"]
[EventType "swiss"]
[EventRounds "7"]
[EventCountry "CAN"]
[SourceTitle "EXT 2022"]
[Source "ChessBase"]
[SourceDate "2021.10.06"]
[SourceVersion "1"]
[SourceVersionDate "2021.10.06"]
[SourceQuality "1"]

1. d4 Nf6 2. c4 e5 3. dxe5 Ng4 4. Qd4 d6 5. exd6 Bxd6 6. Qxg7 Be5 7. Qg5 Qxg5 8. Bxg5 Bxb2 9. h3 Ne5 10. Bf4 Bxa1 11. e3 Bf5 12. Nd2 Nbc6 13. e4 Be6 14. Ngf3 Nxf3+ 15. Nxf3 O-O-O 16. Be2 Bc3+ 17. Kf1 Nd4 18. Nxd4 Rxd4 19. Be5 Rhd8 20. Bxd4 Rxd4 21. Kg1 Bxc4 22. Bxc4 Rxc4 23. Kh2 c5 24. f3 Be5+ 25. g3 Rc2+ 26. Kg1 Rc1+ 27. Kg2 Rxh1 28. Kxh1 c4 29. f4 Bxf4 30. gxf4 c3 31. e5 c2 32. Kg2 c1=Q 33. Kg3 Qe3+ 34. Kg4 Kd7 35. h4 Ke6 36. h5 Qg1+ 37. Kf3 Kd5 38. a4 f5 39. exf6 Ke6 40. Ke4 Kxf6 41. a5 Qe1+ 42. Kf3 Kf5 43. h6 Qf1+ 44. Ke3 Qxf4+ 45. Kd3 Ke5 46. Ke2 Kd4 47. a6 bxa6 48. Kd1 Qf3+ 49. Kc1 Kc3 50. Kb1 Qe2 51. Kc1 Qc2# 0-1

[Event "CYCC U08"]
[Site "Sault Ste. Marie CAN"]
[Date "2017.07.08"]
[Round "6"]
[White "Bai, Kingsley"]
[Black "Wang, Arthur D"]
[Result "0-1"]
[WhiteElo "652"]
[BlackElo "634"]
[WhiteFideId "-1"]
[WhiteFideId "-1"]
[PlyCount "142"]
[GameId "2160767908344444"]
[EventDate "2017.07.06"]
[EventType "swiss"]
[EventRounds "7"]
[EventCountry "CAN"]
[SourceTitle "EXT 2022"]
[Source "ChessBase"]
[SourceDate "2021.10.06"]
[SourceVersion "1"]
[SourceVersionDate "2021.10.06"]
[SourceQuality "1"]

1. d4 d5 2. Nf3 Nc6 3. Bf4 Nf6 4. e3 Bf5 5. Bd3 Bxd3 6. Qxd3 e6 7. O-O Be7 8. Nbd2 O-O 9. Be5 Nb4 10. Qc3 Re8 11. a3 Nc6 12. Qd3 Bd6 13. Bxf6 Qxf6 14. h4 Rad8 15. Ng5 g6 16. Qe2 Bf8 17. h5 Qxg5 18. g4 gxh5 19. Rae1 Qxg4+ 20. Qxg4+ hxg4 21. Kh1 f5 22. f3 gxf3 23. Rg1+ Kh8 24. Rg3 Re7 25. Reg1 Rg7 26. Nxf3 Rxg3 27. Rxg3 Bd6 28. Rg5 Be7 29. Rg1 Rg8 30. Rf1 Bd6 31. b4 a5 32. b5 Na7 33. Rc1 Nxb5 34. c4 Nxa3 35. c5 Be7 36. Ne5 Rf8 37. Rg1 Bf6 38. Nd7 Rf7 39. Nb8 Nc4 40. c6 bxc6 41. Nxc6 Nxe3 42. Re1 Nc2 43. Re2 Nxd4 44. Nxd4 Bxd4 45. Rxe6 a4 46. Re8+ Kg7 47. Ra8 Re7 48. Rxa4 Re1+ 49. Kg2 Rg1+ 50. Kf3 Bb6 51. Ke2 h5 52. Rh4 Kg6 53. Ra4 d4 54. Ra8 Kg5 55. Rg8+ Kh4 56. Rxg1 d3+ 57. Kxd3 Bxg1 58. Ke2 Kg3 59. Kf1 Bf2 60. Ke2 h4 61. Kd3 h3 62. Kc4 h2 63. Kd5 h1=Q+ 64. Ke5 Qh8+ 65. Kxf5 Qg7 66. Ke4 Qd4+ 67. Kf5 Qe3 68. Kg6 Qf4 69. Kh5 Qg4+ 70. Kh6 Bd4 71. Kh7 Qg7# 0-1

[Event "CYCC U08"]
[Site "Sault Ste. Marie CAN"]
[Date "2017.07.09"]
[Round "6"]
[White "Deng, Henry"]
[Black "Jiang, William"]
[Result "0-1"]
[WhiteElo "1014"]
[BlackElo "659"]
[WhiteFideId "-1"]
[WhiteFideId "-1"]
[PlyCount "74"]
[GameId "2160767908344445"]
[EventDate "2017.07.06"]
[EventType "swiss"]
[EventRounds "7"]
[EventCountry "CAN"]
[SourceTitle "EXT 2022"]
[Source "ChessBase"]
[SourceDate "2021.10.06"]
[SourceVersion "1"]
[SourceVersionDate "2021.10.06"]
[SourceQuality "1"]

1. e4 c5 2. Bc4 Nf6 3. Nc3 Nc6 4. Nf3 b6 5. Ng5 e6 6. f4 d5 7. exd5 exd5 8. Qe2+ Be7 9. Nxd5 Nxd5 10. Bxd5 Qxd5 11. c4 Qd7 12. b3 Bb7 13. Bb2 Rg8 14. O-O-O O-O-O 15. Kb1 Nd4 16. Bxd4 Qxd4 17. Rc1 Qxf4 18. Qe3 Bxg5 19. Qxf4 Bxf4 20. Rcf1 Bxd2 21. Rxf7 Bxg2 22. Rg1 Be4+ 23. Kb2 Be3 24. Re1 Bd4+ 25. Kc1 Bb7 26. Ree7 Bg2 27. Rc7+ Kb8 28. Rxa7 Be5 29. h3 Bxh3 30. Rab7+ Kc8 31. Ra7 Bg2 32. Rfe7 Bc7 33. Rexc7+ Kb8 34. Kb2 h5 35. Rd7 Rxd7 36. Rxd7 h4 37. Ka3 h3 0-1

[Event "CYCC U08"]
[Site "Sault Ste. Marie CAN"]
[Date "2017.07.09"]
[Round "6"]
[White "Dupuis, Denis K"]
[Black "Mane, Arnav"]
[Result "1-0"]
[WhiteElo "1354"]
[BlackElo "829"]
[WhiteFideId "-1"]
[WhiteFideId "-1"]
[PlyCount "30"]
[GameId "2160767739780356"]
[EventDate "2017.07.06"]
[EventType "swiss"]
[EventRounds "7"]
[EventCountry "CAN"]
[SourceTitle "EXT 2022"]
[Source "ChessBase"]
[SourceDate "2021.10.06"]
[SourceVersion "1"]
[SourceVersionDate "2021.10.06"]
[SourceQuality "1"]

1. e4 c5 2. Nc3 Nc6 3. f4 d6 4. Nf3 Nf6 5. Bc4 e6 6. d3 d5 7. Bb5 Be7 8. O-O Qb6 9. Kh1 O-O 10. Qe1 Re8 11. Qg3 Bd6 12. e5 Be7 13. exf6 Bxf6 14. f5 Rd8 15. Bf4 Rd7 {...} 1-0

[Event "CYCC U08"]
[Site "Sault Ste. Marie CAN"]
[Date "2017.07.09"]
[Round "6"]
[White "Liu, Eric"]
[Black "Song, Ethan"]
[Result "0-1"]
[WhiteElo "1152"]
[BlackElo "1315"]
[WhiteFideId "-1"]
[WhiteFideId "-1"]
[PlyCount "98"]
[GameId "2160767908344450"]
[EventDate "2017.07.06"]
[EventType "swiss"]
[EventRounds "7"]
[EventCountry "CAN"]
[SourceTitle "EXT 2022"]
[Source "ChessBase"]
[SourceDate "2021.10.06"]
[SourceVersion "1"]
[SourceVersionDate "2021.10.06"]
[SourceQuality "1"]

1. e4 e5 2. Nf3 Nc6 3. Bc4 Bc5 4. c3 d6 5. d4 exd4 6. cxd4 Bb4+ 7. Bd2 Bxd2+ 8. Qxd2 Nf6 9. Nc3 h6 10. h3 O-O 11. O-O Re8 12. Rfe1 a6 13. a4 b6 14. Rad1 Na5 15. Ba2 Bb7 16. Qf4 d5 17. exd5 Rxe1+ 18. Rxe1 Nxd5 19. Qf5 g6 20. Qe5 Nxc3 21. bxc3 Bxf3 22. gxf3 Qd6 23. Qg3 Kg7 24. Re4 Rf8 25. Rg4 Qe7 26. h4 h5 27. Rg5 Kh8 28. Qe5+ Qxe5 29. Rxe5 Nc6 30. Rd5 Rd8 31. Rg5 Kg7 32. Bb1 Nxd4 33. cxd4 Rxd4 34. Bc2 Rc4 35. Bb3 Rc3 36. Bd1 Rc1 37. Rd5 c5 38. Kg2 c4 39. Rd2 b5 40. axb5 axb5 41. Kf1 c3 42. Rc2 Rxd1+ 43. Ke2 Rh1 44. Rxc3 Rxh4 45. Rb3 Rc4 46. Ke3 b4 47. Kd3 Rc3+ 48. Rxc3 bxc3 49. Kxc3 h4 0-1

[Event "CYCC U08"]
[Site "Sault Ste. Marie CAN"]
[Date "2017.07.09"]
[Round "6"]
[White "Pugach, Daniel"]
[Black "Wang, Richard2"]
[Result "1-0"]
[WhiteElo "748"]
[BlackElo "1008"]
[WhiteFideId "-1"]
[WhiteFideId "-1"]
[PlyCount "93"]
[GameId "2160767908344451"]
[EventDate "2017.07.06"]
[EventType "swiss"]
[EventRounds "7"]
[EventCountry "CAN"]
[SourceTitle "EXT 2022"]
[Source "ChessBase"]
[SourceDate "2021.10.06"]
[SourceVersion "1"]
[SourceVersionDate "2021.10.06"]
[SourceQuality "1"]

1. e4 c5 2. Nf3 d6 3. d4 cxd4 4. Nxd4 Nf6 5. Nc3 a6 6. Be3 e6 7. Bc4 b5 8. Bb3 Be7 9. O-O Bb7 10. Qd3 O-O 11. Bxe6 Nc6 12. Bb3 Ne5 13. Qe2 Bxe4 14. Nxe4 Nxe4 15. Bd5 Rc8 16. Bxe4 Re8 17. Rad1 Bf6 18. Nf5 Nc4 19. Bf3 Bg5 20. Rde1 Qf6 21. Bxg5 Rxe2 22. Bxf6 Rxe1 23. Rxe1 gxf6 24. Bb7 Rd8 25. Bxa6 h5 26. Bc8 Kh7 27. Ba6 Kg6 28. Ne7+ Kg5 29. Bxb5 Ne5 30. Nc6 Re8 31. Nxe5 Rxe5 32. Rxe5+ fxe5 33. a4 d5 34. a5 f5 35. Kf1 Kf4 36. a6 e4 37. a7 e3 38. fxe3+ Kxe3 39. a8=Q d4 40. Qe8+ Kd2 41. Qe2+ Kc1 42. Qd3 Kxb2 43. Qb3+ Kc1 44. Ke2 f4 45. Kd3 h4 46. c4 dxc3 47. Qc2# 1-0

[Event "CYCC U08"]
[Site "Sault Ste. Marie CAN"]
[Date "2017.07.09"]
[Round "6"]
[White "Ran, Sean"]
[Black "De Leon, Rut Jurry"]
[Result "1-0"]
[WhiteElo "906"]
[BlackElo "736"]
[WhiteFideId "-1"]
[WhiteFideId "-1"]
[PlyCount "77"]
[GameId "2160767908344452"]
[EventDate "2017.07.06"]
[EventType "swiss"]
[EventRounds "7"]
[EventCountry "CAN"]

1. e4 c5 2. Nf3 d6 3. d4 Nd7 4. d5 Ngf6 5. Nc3 g6 6. Bd3 Bg7 7. Bg5 O-O 8. O-O Nb6 9. Qd2 Bg4 10. Be2 Re8 11. Bh6 e6 12. Bxg7 Kxg7 13. h3 exd5 14. hxg4 dxe4 15. Ng5 h6 16. Nh3 Qd7 17. g5 e3 18. gxf6+ Kxf6 19. fxe3+ Kg7 20. Nd5 Re5 21. Nf6 Qe7 22. Nf4 g5 23. N4h5+ Kg6 24. Bd3+ Re4 25. Bxe4+ Qxe4 26. Nxe4 Kxh5 27. Qe2+ Kg6 28. Rf6+ Kg7 29. Raf1 Rf8 30. Nxd6 Nd5 31. Rxf7+ Rxf7 32. Rxf7+ Kg6 33. Qd3+ Kh5 34. Qxd5 b5 35. Ne4 Kh4 36. Rh7 c4 37. Rxh6+ Kg4 38. Nf2+ Kg3 39. Qf3# 1-0

[Event "CYCC U08"]
[Site "Sault Ste. Marie CAN"]
[Date "2017.07.09"]
[Round "6"]
[White "Yang, Jingyun (Ryan)"]
[Black "Chandra, Anand"]
[Result "0-1"]
[WhiteElo "1267"]
[BlackElo "1711"]
[WhiteFideId "-1"]
[WhiteFideId "-1"]
[PlyCount "68"]
[GameId "2160767908344455"]
[EventDate "2017.07.06"]
[EventType "swiss"]
[EventRounds "7"]
[EventCountry "CAN"]
[SourceTitle "EXT 2022"]
[Source "ChessBase"]
[SourceDate "2021.10.06"]
[SourceVersion "1"]
[SourceVersionDate "2021.10.06"]
[SourceQuality "1"]

1. g3 d5 2. Bg2 e5 3. d3 c6 4. Nf3 Bd6 5. O-O Nf6 6. Nbd2 O-O 7. c4 Bc7 8. cxd5 cxd5 9. Re1 Nc6 10. Nf1 Qe7 11. Bg5 Be6 12. Rc1 h6 13. Bxf6 Qxf6 14. Qb3 Rab8 15. Ne3 d4 16. Nd5 Qd8 17. Nd2 Ba5 18. Red1 Nb4 19. Rc5 b6 20. Rb5 a6 21. Rxb4 Bxb4 22. Qxb4 Bxd5 23. Ne4 f5 24. Nd6 Bxg2 25. Kxg2 Rf6 26. Nc4 Qd5+ 27. Kg1 g5 28. Rd2 Rc8 29. e4 fxe4 30. Na3 Rc1+ 31. Kg2 e3+ 32. Kh3 exd2 33. Qxd2 Rg1 34. Qa5 Qe6+ 0-1

[Event "CYCC U08"]
[Site "Sault Ste. Marie CAN"]
[Date "2017.07.10"]
[Round "7"]
[White "Chandra, Anand"]
[Black "Liu, Eric"]
[Result "1-0"]
[WhiteElo "1711"]
[BlackElo "1152"]
[WhiteFideId "-1"]
[WhiteFideId "-1"]
[PlyCount "39"]
[GameId "2160767908344456"]
[EventDate "2017.07.06"]
[EventType "swiss"]
[EventRounds "7"]
[EventCountry "CAN"]
[SourceTitle "EXT 2022"]
[Source "ChessBase"]
[SourceDate "2021.10.06"]
[SourceVersion "1"]
[SourceVersionDate "2021.10.06"]
[SourceQuality "1"]

1. e4 e5 2. Nf3 Nc6 3. Bc4 Bc5 4. c3 Nf6 5. d4 exd4 6. cxd4 Bb4+ 7. Bd2 Bxd2+ 8. Nbxd2 O-O 9. O-O Re8 10. e5 Nh5 11. Re1 b6 12. Ne4 h6 13. Nfg5 hxg5 14. Qxh5 d5 15. exd6 Be6 16. Nxg5 Qxd6 17. d5 f6 18. dxe6 fxg5 19. e7+ Qe6 20. Bxe6# 1-0

[Event "CYCC U08"]
[Site "Sault Ste. Marie CAN"]
[Date "2017.07.10"]
[Round "7"]
[White "De Leon, Rut Jurry"]
[Black "Taylor, Aiden"]
[Result "1/2-1/2"]
[WhiteElo "736"]
[BlackElo "718"]
[WhiteFideId "-1"]
[WhiteFideId "-1"]
[PlyCount "66"]
[GameId "2160767739780359"]
[EventDate "2017.07.06"]
[EventType "swiss"]
[EventRounds "7"]
[EventCountry "CAN"]
[SourceTitle "EXT 2022"]
[Source "ChessBase"]
[SourceDate "2021.10.06"]
[SourceVersion "1"]
[SourceVersionDate "2021.10.06"]
[SourceQuality "1"]

1. d4 d5 2. c4 e6 3. Nc3 Nf6 4. f3 Nc6 5. Bg5 Be7 6. e4 dxe4 7. fxe4 h6 8. Be3 Bb4 9. Nge2 Bd7 10. a3 Ba5 11. b4 Nxb4 12. axb4 Bxb4 13. Bf2 Nxe4 14. Rc1 O-O 15. Qd3 Nxf2 16. Kxf2 Qf6+ 17. Qf3 Qxf3+ 18. Kxf3 Rad8 19. Ng3 Bc6+ 20. Kf2 Rxd4 21. Be2 a6 22. Rhd1 Rfd8 23. Ke3 Rxd1 24. Bxd1 Bxc3 25. Rb1 Bd4+ 26. Ke2 Bxg2 27. Bc2 Bc3 28. Ke3 Rd4 29. Bd3 Rd8 30. c5 Bd4+ 31. Ke2 Bxc5 32. Rd1 f5 33. Nxf5 exf5 {...} 1/2-1/2

[Event "CYCC U08"]
[Site "Sault Ste. Marie CAN"]
[Date "2017.07.10"]
[Round "7"]
[White "Jiang, William"]
[Black "Huang, Winston1"]
[Result "0-1"]
[WhiteElo "659"]
[BlackElo "586"]
[WhiteFideId "-1"]
[WhiteFideId "-1"]
[PlyCount "74"]
[GameId "2160767908344459"]
[EventDate "2017.07.06"]
[EventType "swiss"]
[EventRounds "7"]
[EventCountry "CAN"]
[SourceTitle "EXT 2022"]
[Source "ChessBase"]
[SourceDate "2021.10.06"]
[SourceVersion "1"]
[SourceVersionDate "2021.10.06"]
[SourceQuality "1"]

1. e4 e5 2. Nf3 Nc6 3. Bb5 d6 4. d4 f6 5. d5 a6 6. Bxc6+ bxc6 7. dxc6 f5 8. Nc3 fxe4 9. Nxe4 Bf5 10. Ng3 Bg4 11. h3 Be6 12. O-O Nf6 13. Re1 Be7 14. Nd4 Bf7 15. Ndf5 Bf8 16. Bf4 Bg6 17. Bxe5 dxe5 18. Rxe5+ Kf7 19. Qe2 Bxf5 20. Nxf5 Bd6 21. Qc4+ Kf8 22. Re2 Rb8 23. Nd4 Rb4 24. Qxa6 Rxd4 25. c3 Rd5 26. a4 Re5 27. Rxe5 Bxe5 28. a5 Kf7 29. Qc4+ Kg6 30. a6 Qd5 31. Qf1 Bd6 32. a7 Qe5 33. g3 Ra8 34. Qa6 Qe4 35. Qb7 Qe8 36. Kg2 Kf5 37. Kf3 Qe4# 0-1